Pays les plus proches de la France par 2 premières lettres - Statistiques

Statistiques générales
  • Ce quiz a été pris 963 fois
  • Le résultat moyen est 14 sur 20
Statistiques - réponses
km pays % Correct
0 Allemagne
97%
0 Espagne
96%
0 Suisse
95%
0 Belgique
94%
0 Italie
94%
412 Portugal
92%
0 Luxembourg
89%
0 Andorre
88%
61 Pays-Bas
84%
0 Monaco
80%
33 Royaume-Uni
79%
148 Autriche
71%
432 Irlande
63%
150 Liechtenstein
61%
240 Vatican
56%
259 Saint-Marin
50%
430 Slovénie
48%
313 Tchèquie
41%
403 Croatie
37%
450 Tunisie
21%
Aucun quiz correspondant
Distribution des résultats
% des personnes avec chaque résultat
Percentile par nombre de réponses
Votre historique - résultats
Vous n’avez pas pris ce quiz